| 000 | 00589nam a22001937a 4500 | ||
|---|---|---|---|
| 999 |
_c172257 _d172257 |
||
| 005 | 20200130144459.0 | ||
| 010 | _aENG-127577 | ||
| 020 |
_a9789388927383 _c300.00 |
||
| 035 | _aEN-111109 | ||
| 037 | _bDBAD/PUB | ||
| 082 | _a880 | ||
| 100 | _aVyas, Foram | ||
| 245 |
_aTreatment of Women Charaters in Manju Kapur's Novels/ _cby Foram Vyas |
||
| 260 |
_aAhmedabad _bVedant Publication _c2019 |
||
| 270 |
_bAhmedabad _aRajkot, Ahmedabad, Surat _e360001 |
||
| 300 |
_a151p. _b20cm(pbk) |
||
| 500 | _ainclude bibliographical references | ||
| 942 |
_2ddc _cEN _h880 _mVYA |
||